=LDR 00000nam 2200000 4500 =001 INLIS000000000000163 =005 20150225093312.0 =006 =007 =008 Ind =035 ##$$0010-061300000000163 =041 ##$$a Ind =082 ##$$a 919.598 =090 ##$$a 919.598 Nie d =100 ##$$a Nieuwenhuis, Anton W =245 ##$$a Di pedalaman Borneo : perjalanan dari Pontianak ke Samarinda 1894 / Anton W Nieuwenhuis =260 ##$$aJakarta$bGramedia Pustaka Utama$c1994 =300 ##$$a xxii, 266 hlm. : ilus. ; 27 cm =650 ##$$a Borneo-Geografi dan Perjalanan =850 ##$$a NBPNMAT